Statystyki dla Wszystkie miasta Polski na literę Ż

Kliknij tutaj aby rozwiązać quiz!

Ogólne statystyki

  • Ten quiz został rozwiązany 414 razy
    (122 od ostatniego zresetowania)
  • Średni wynik to 11 z 16

Statystyki odpowiedzi

WojewództwoPopulacjaMiasto% Poprawnych
lubuskie37052Żary
96%
śląskie62844Żory
96%
mazowieckie39550Żyrardów
93%
lubuskie25265Żagań
87%
kujawsko-pomorskie13623Żnin
86%
śląskie30733Żywiec
85%
mazowieckie8756Żuromin
72%
pomorskie6728Żukowo
66%
łódzkie7964Żychlin
64%
małopolskie4184Żabno
62%
dolnośląskie6444Żmigród
62%
dolnośląskie6648Żarów
61%
mazowieckie3895Żelechów
56%
łódzkie1072Żarnów
55%
śląskie4538Żarki
53%
wielkopolskie2109Żerków
49%

Rozkład punktacji

Percentyl według liczby udzielonych odpowiedzi

Procent ludzi z każdym wynikiem

Twoja historia wyników

Nie rozwiązałeś tego quizu od ostatniego zresetowania